Statistics for Afriqiyah Airways destinations-Tripoli

Click here to take the quiz!

General Stats

  • This quiz has been taken 7 times
  • The average score is 10 of 11

Answer Stats

Country Airport % Correct
EgyptAlexandria
100%
GhanaAccra
100%
JordanAmman
100%
NigerNiamey
100%
Saudi ArabiaJeddah
100%
SudanKhartoum
100%
TunisiaSfax
100%
TunisiaTunis
100%
TurkeyIstanbul
100%
LibyaBenghazi
83%
LibyaSabha
33%

Score Distribution

Percentile by Number Answered

Percent of People with Each Score

Your Score History

You have not taken this quiz